Berühmte Russen - Statistiken

Allgemein
  • Dieses Quiz wurde 134 mal gespielt
  • Das Durchschnittsergebnis liegt bei 11 aus 20
Antwortstatistiken
Hint Antwort % Korrekt
Diktator während des 2. Weltkrieges Josef Stalin
91%
Anführer der Bolschewiki in der Oktoberrevolution und wichtiger kommunistischer Theoretiker und Staatsmann Vladimir Lenin
91%
Letztes Staatsoberhaupt der Sowjetunion, führte die Perestoika und Glasnost ein Michail Gorbatschow
90%
Präsident von 2000-2008 und seit 2012, Ministerpräsident von 2008 bis 2012 Wladimir Putin
90%
Erster Mensch im Weltall Juri Gagarin
81%
Angeblicher Wunderheiler und Priester, der sehr hohen Einfluss bei Zar Nikolaus II gewinnen konnte, Lied von Boney M Grigori Rasputin
72%
Zar von 1682 bis 1721, gründete St Petersburg, verwestlichte Russland Peter der Große
72%
Schriftsteller: Krieg und Frieden, Anna Karenina Leo Tolstoi
71%
Erster gewählter Präsident Russlands nach dem Ende der Sowjetunion Boris Jelzin
69%
Waffenkonstrukteur, welcher das Sturmgewehr AK-47 entwarf Michail Kalaschnikow
57%
Komponist: Schwanensee, Dornröschen, Der Nussknacker, 1812 Ouvertüre Pjotr Iljitsch Tschaikowski
53%
Gründer und Organisator der Roten Armee im Russischen Bürgerkrieg, floh nach Mexiko, wo er 1940 ermordet wurde Leo Trotzki
51%
Schriftsteller: Schuld und Sühne, Der Idiot, Die Dämonen, Die Brüder Karamasow Fjodor Dostojewski
45%
Oligarch, floh nach Großbritannien und später Israel, Besitzer von FC Chelsea Roman Abramowitsch
37%
Wissenschaftler, der das Periodensystem der Elemente entdeckte Dmitri Mendelejew
28%
Komponist: Histoire du soldat, Le sacre du printemps, Der Feuervogel Igor Strawinsky
17%
Filmregisseur: Streik, Oktober, Panzerkreuzer Potemkin, Alexander Newski Sergei Eisenstein
17%
Schriftsteller: Drei Schwestern, Die Möwe, Der Kirschgarten Anton Tschechow
16%
Schriftsteller und Dissident: Der Archipel Gulag Alexander Solschenizyn
13%
Wichtiger Anarchistischer Theoretiker, entwickelte Theorie des kollektivistischen Anarchismus, spaltete den Anarchismus von der 1.Internationalen ab Michail Bakunin
10%
Keine übereinstimmenden Quizze gefunden
Verteilung der Resultate
Anzahl Personen mit jedem Resultat
Perzentil nach korrekt beantworteten Fragen
Ihre Resultats-Entwicklung
Sie haben dieses Quiz noch nicht gespielt